000 00472nam a2200133Ia 4500
008 260427s2024 xx 000 0 und d
020 _a978819604408
041 _ahin
082 _a660
100 _aडॉ. रघुनाथ माशेलकर
245 _aदुर्दम्य आशावादी
260 _bसह्याद्री प्रकाशन, पुणे ,सिंहगड रस्ता, पुणे
_c2024
300 _aHard/P-775
999 _c1221078
_d1221078